La aventura del ser vivo
Guardado en:
| Autor principal: | |
|---|---|
| Formato: | Libro |
| Lenguaje: | español |
| Publicado: |
Barcelona
Gedisa
1990
|
| Colección: | Biología y Genética
|
| Materias: | |
| Etiquetas: |
Agregar Etiqueta
Sin Etiquetas, Sea el primero en etiquetar este registro!
|
MARC
| LEADER | 00000nam a2200000 a 4500 | ||
|---|---|---|---|
| 001 | UCT7469 | ||
| 003 | CL-VaPUC | ||
| 008 | 970123e19900000SP |||||||||||||||||spa|d | ||
| 082 | 0 | 4 | |a 570.1 |b ROS |2 21 |
| 100 | 0 | |a Rosnay, Joel de |e author |9 378466 | |
| 245 | 1 | 3 | |a La aventura del ser vivo |
| 300 | |a 225 p | ||
| 942 | |c BK | ||
| 945 | |d 19970123 00:00:00 |a rbrito | ||
| 260 | |a Barcelona |b Gedisa |c 1990 | ||
| 650 | 0 | |a Filosofía de las ciencias |9 256466 | |
| 650 | 0 | |a Ciencias de la vida |9 314137 | |
| 650 | 0 | |a Seres vivos |9 357459 | |
| 650 | 0 | |a Biología |9 262022 | |
| 650 | 7 | |a BIOGENESIS |2 CL-VaPUC |9 378467 | |
| 650 | 0 | |a Evolución |9 259442 | |
| 650 | 0 | |a Microbios |9 326597 | |
| 650 | 0 | |a Biología celular |9 341055 | |
| 650 | 0 | |a Ácido desoxirribonucleico (ADN) |9 361158 | |
| 583 | |a last modification |c 19970123 00:00:00 |k Rodrigo Vera | ||
| 490 | 0 | |a Biología y Genética | |
| 999 | |c 256091 |d 256089 | ||
| 952 | |0 0 |1 0 |4 0 |6 570_100000000000000_ROS_1990 |7 0 |8 A |9 278636 |a BIBEDU |b BIBEDU |d 2019-11-19 |i 3283747 |o 570.1 ROS 1990 |p 3283747 |r 2019-11-19 |w 2019-11-19 |y BK |k FIL | ||